Find That Country: Hot or Cold VII Quiz Stats

Quiz Updated Jan 5, 2017

Challenge
Share
Tweet
Embed
Score 0/5 Timer 04:00
2 Plays Today
% Correct
Chile
92.4%
Czechia
80.1%
El Salvador
76.2%
Central African Republic
65.2%
Bhutan
63.7%

You're not logged in!

Compare scores with friends on all Sporcle quizzes.
Sign Up with Email
OR
Log In

You Might Also Like...

Show Comments

Extras

Top Quizzes Today


Score Distribution

Your Account Isn't Verified!

In order to create a playlist on Sporcle, you need to verify the email address you used during registration. Go to your Sporcle Settings to finish the process.